Statistics for Hallelujah Lyrics

Click here to take the quiz!

General Stats

  • This quiz has been taken 295 times
  • The average score is 26 of 33

Answer Stats

HintAnswer% Correct
Well I've heard there was a ______ chordsecret
95%
__________Hallelujah
94%
_________hallelujah
94%
_________hallelujah
94%
_________hallelujah
94%
_________hallelujah
94%
__________hallelujah
94%
__________hallelujah
94%
__________hallelujah
94%
__________hallelujah
94%
__________Hallelujah
94%
__________Hallelujah
94%
___________ * 14hallelujah
94%
__________Hallelujah
94%
__________hallelujah
94%
__________hallelujah
94%
__________hallelujah
94%
__________hallelujah
94%
But you don't really ____ ___ _____, do you?care for music
92%
That _____ ______ and it pleased the LordDavid played
87%
Her beauty and the _________ overthrew ya She tied you to her kitchen chairmoonlight
78%
Well your faith was strong but you needed proof You saw her _______ on the roofbathing
73%
It's a cold and it's a ______ Hallelujahbroken
72%
Well it goes like this: The fourth, the fifth, the _____ ____ and the _____ ____minor fall major lift
72%
And it's not a cry that you hear at ______ It's not somebody who's seen the lightnight
71%
The _______ ____ composing Hallelujahbaffled king
70%
Maybe there's a God above But all I've ever _______ from lovelearned
63%
You know, I used to live alone before I knew ya And I've seen your flag on the marble arch and love is not a _______ _____ It's a cold and it's a broken Hallelujahvictory march
63%
And she _____ ____ ______ and she cut your hair And from your lips she drew the Hallelujahbroke your throne
58%
Was how to _____ ________ who outdrew yashoot somebody
43%
But baby I've been here before I've ____ ____ ____ and I've walked this floorseen this room
40%
Well there was a time when you ___ __ ____ What's really going on belowlet me know
37%
But now you never show that to me do ya But remember when I moved in you and the ____ ____ was moving too And every breath we drew was Hallelujahholy dove
27%

Score Distribution

Percentile by Number Answered

Percent of People with Each Score

Your Score History

You have not taken this quiz